01349 2200397 4500001002100000005001500021035002000036007000300056008004100059020002200100082001900122084002100141100002900162245018900191250003100380300002500411650003000436700002500466700003600491700003500527700003600562700003300598700003100631700002800662700002700690700002700717264003300744336002100777337003000798338002300828040002200851090002200873850001200895999002200907990002200929INLIS00000000087181220220811030424 a0010-0822000417ta220811s2021 yoi g j ind d a978-623-7657-59-004223a899.221301 a899.221301 DOD m0 aDody WidiantoePengarang10aMendung /cDody Widianto, Liana DS, Alberto Yuanito Taka, Athif Yumna Hanifah, Azahra Syifa Mulyana, Cahaya Muslim PS, Desi Novita DG, Navya Zivara, Dewi Palupi; penyunting, Tim Editor aCetakan Pertama April 2021 a218 halaman ;c21 cm 4aCerita pendek--xKumpulan0 aLiana DS.ePengarang0 aAlberto Yuanito TakaePengarang0 aAthif Yumna HanifahePengarang0 aAzahra Syifa MulyanaePengarang0 aCahaya Muslim PS.ePengarang0 aDesi Novita DG.ePengarang0 aNavya ZivaraePengarang0 aDewi PalupiePengarang0 aTim EditorePenyunting31aSleman :bCitra Airiz,c2021 2rdacontentateks 2rdamediaatanpa perantara 2rdacarrieravolume aYOPDYOGbinderda aCB-D.11 2021-3295 aYOPDYOG aCB-D.11/2021-3295 aCB-D.11/2021-3295